All MCU Villains - Statistics

General Stats
  • This quiz has been taken 98 times
    33 since last reset
  • The average score is 56 of 123
Answer Stats
Hint Answer % Correct
The Avengers | Thor Loki
96%
The Incredible Hulk Abomination
92%
Avengers: Age of Ultron Ultron
92%
Iron Man Iron Monger
88%
Avengers: Endgame | Avengers: Infinity War Thanos
88%
Iron Man 2 Whiplash
88%
Winter Soldier
88%
Zombie Thanos
88%
Agatha All Along Lady Death
83%
Red Hulk
83%
Captain America: The First Avenger Red Skull
83%
Guardians of the Galaxy Ronan the Accuser
83%
Spider-Man: Homecoming Vulture
83%
Electro
79%
Thor: Ragnarok Hela
79%
Lizard
79%
M.O.D.O.K. / Yellowjacket
79%
Spider-Man: Far Frome Home Mysterio
79%
Ant-Man Yellowjacket
79%
Captain America: Civil War Baron Zemo
75%
Doctor Octopus
75%
Doctor Strange Dormammu
75%
Ant-Man and the Wasp Ghost
75%
Doctor Strange in the Multiverse of Madness Scarlet Witch
75%
Guardians of the Galaxy Vol. 2 Ego
71%
Black Panther Killmonger
71%
Sandman
71%
Ebony Maw
67%
Spider-Man: No Way Home Green Goblin
67%
Mayor Kingpin
67%
Cull Obsidian
63%
The Fantastic Four: First Steps Galactus
63%
Loki He Who Remains
63%
Ant-Man and the Wasp: Quantumania Kang the Conqueror
63%
Echo | Hawkeye Kingpin
63%
Proxima Midnight
63%
The Destroyer
63%
WandaVision Agatha Harkness
58%
Corvus Glaive
58%
Thor: Love and Thunder Gorr the God Butcher
58%
Grandmaster
58%
King Laufey
58%
Marvel Zombies Queen of the Dead (Scarlet Witch)
58%
Taskmaster
58%
Justin Hammer
54%
Klaw
54%
Eternals Kro
54%
Thor: The Dark World Malekith
54%
Black Panther: Wakanda Forever Namor
54%
Silver Surfer
54%
Thunderbolts* / The New Avengers The Void
54%
Crossbones
50%
Surtur
50%
Iron Man 3 Aldrich Killian
46%
Captain America: The Winter Soldier Alexander Pierce
46%
Kurse
46%
Mole Man
46%
Shang-Chi and the Legend of the Ten Rings Xu Wenwu
46%
Zeus
46%
Guardians of the Galaxy Vol. 3 High Evolutionary
42%
Kaecilius
38%
Captain Marvel Supreme Intelligence
38%
Yon-Rogg
38%
Baron von Strucker
33%
Bullseye
33%
What If...? (Season 2) Strange Supreme
33%
Captain America: Brave New World The Leader
33%
Ayesha
29%
Deadpool and Wolverine Cassandra Nova
29%
Contessa Valentina Allegro de Fontaine
29%
Ikaris
29%
Raza
29%
Taserface
29%
Black Widow General Dreykov
25%
What If...? Infinity Ultron
25%
Jasper Sitwell
25%
Mr. Paradox
25%
Sonny Burch
25%
Ironheart The Hood
25%
The Scorpion
25%
Arishem, Judge of Worlds
21%
Moon Knight Arthur Harrow
21%
Bill Foster
21%
She-Hulk: Attorney At Law HulkKing
21%
Razor Fist
21%
Red Ghost
21%
Sidewinder
21%
The Executioner
21%
Ammit
17%
X-Men '97 Bastion
17%
The Marvels Dar-Benn
17%
Death Dealer
17%
Eleanor Bishop
17%
Mad Thinker
17%
Ms. Marvel Najma
17%
Titania
17%
Secret Invasion General Gravik
13%
Giganto
13%
Henry Gyrich
13%
The Falcon and the Winter Soldier Karli Morgenthau
13%
Miss Minutes
13%
Mr. Sinister
13%
Daredevil: Born Again Muse
13%
Loki (Season 2) Ravonna Renslayer
13%
The Dweller in Darkness
13%
Tyler Hayward
13%
Bolivar Trask
8%
K.E.V.I.N.
8%
US Department of Damage Control
8%
Ajak
4%
Deputy Mayor Daniel Blake
4%
Daredevil: Born Again (Season 2 - Only Includes New Villains) Mr. Charles
4%
What If...? (Season 3) The Eminence
4%
Eyes of Wakanda The Lion
4%
Vanessa Fisk
4%
The Incarnate
0%
No matching quizzes found
Score Distribution
Percent of People with Each Score
Percentile by Number Answered
Your Score History
You have not taken this quiz since the last reset